Politica del gobierno Nacional para la defensa de los derechos indigenas y la conservacion ecologica de la cuenca Amazonica (Record no. 23011)

MARC details
000 -LEADER
campo de control de longitud fija 00533nam a2200145Ia 4500
008 - DATOS DE LONGITUD FIJA--INFORMACIÓN GENERAL
campo de control de longitud fija 231129s1990||||xx |||||||||||||| ||spa||
020 ## - NÚMERO INTERNACIONAL ESTÁNDAR DEL LIBRO
Número Internacional Estándar del Libro 958-18-0102-2
040 ## - FUENTE DE CATALOGACIÓN
Lengua de catalogación spa
082 ## - NÚMERO DE LA CLASIFICACIÓN DECIMAL DEWEY
Número de clasificación 986.17 C718p
100 ## - ENTRADA PRINCIPAL--NOMBRE DE PERSONA
Nombre de persona Colombia. Presidencia de la Republica.
245 #0 - MENCIÓN DEL TÍTULO
Título Politica del gobierno Nacional para la defensa de los derechos indigenas y la conservacion ecologica de la cuenca Amazonica
260 ## - PUBLICACIÓN, DISTRIBUCIÓN, ETC.
Fecha de publicación, distribución, etc. 1990
264 ## - PRODUCCIÓN, PUBLICACIÓN, DISTRIBUCIÓN, FABRICACIÓN Y COPYRIGHT
Producción, publicación, distribución, fabricación y copyright Caja Agraria-Incora-Inderena-Ministerio de Gobierno
942 ## - ELEMENTOS DE ENTRADA SECUNDARIOS (KOHA)
Fuente del sistema de clasificación o colocación Clasificación Decimal Dewey
Tipo de ítem Koha
Holdings
Estatus retirado Estado de pérdida Fuente del sistema de clasificación o colocación Estado de daño No para préstamo Biblioteca de origen Biblioteca actual Fecha de adquisición Total de préstamos Signatura topográfica completa Código de barras Visto por última vez Copia número Precio de reemplazo Tipo de ítem Koha
    Clasificación Decimal Dewey     BIBLIOTECA PÚBLICA MUNICIPAL RAMON CORREA MEJIA BIBLIOTECA PÚBLICA MUNICIPAL RAMON CORREA MEJIA 09/07/2009   986.17 C718p 27365 29/11/2023 1 29/11/2023 Libros

Powered by Koha